| 000 | 00652cab a2200265 4500 | ||
|---|---|---|---|
| 001 | ABS60399 | ||
| 008 | 090401t1999 xxu||||| |||| 00| 0 eng d | ||
| 035 | _a(Sirsi) u93016 | ||
| 041 | _aeng | ||
| 100 | _aBennett, J. | ||
| 245 | 2 | _aA strategic collision of interest? | |
| 260 | _c1999 | ||
| 350 | _a0 | ||
| 490 |
_aMunicipal Journal _v16 April 1999, 14-15(2) |
||
| 650 | _aBEST VALUE | ||
| 650 | _aLOCAL AUTHORITIES | ||
| 650 | _aLOCAL GOVERNMENT | ||
| 650 | _aPFI | ||
| 650 | _aPRIVATE FINANCE INITIATIVE | ||
| 650 | _aProcurement-old | ||
| 690 | _aBUILT ENVIRONMENT | ||
| 700 | _aCirell, S. | ||
| 942 | _n0 | ||
| 948 | _c28/04/1999 | ||
| 999 |
_c58952 _d58952 |
||